The facebook effect: (Record no. 287988)
[ view plain ]
| 000 -LEADER | |
|---|---|
| fixed length control field | 00637nam a2200169Ia 4500 |
| 008 - FIXED-LENGTH DATA ELEMENTS--GENERAL INFORMATION | |
| fixed length control field | 150610s9999 xx 000 0 und d |
| 020 ## - INTERNATIONAL STANDARD BOOK NUMBER | |
| International Standard Book Number | 9781439102121 (pbk.) |
| 050 ## - LIBRARY OF CONGRESS CALL NUMBER | |
| Classification number | HD9696.8 |
| Item number | .U64F335 2010 |
| 100 ## - MAIN ENTRY--PERSONAL NAME | |
| Personal name | Kirkpatrick, David |
| 245 #4 - TITLE STATEMENT | |
| Title | The facebook effect: |
| Remainder of title | the inside story of the company that is connecting the world / |
| Statement of responsibility, etc | David Kirkpatrick. |
| 260 ## - PUBLICATION, DISTRIBUTION, ETC. (IMPRINT) | |
| Place of publication, distribution, etc | New York : |
| Name of publisher, distributor, etc | Simon & Schuster Paperbacks, |
| Date of publication, distribution, etc | 2010. |
| 300 ## - PHYSICAL DESCRIPTION | |
| Extent | 372pages ; |
| Dimensions | 24 cm. |
| 504 ## - BIBLIOGRAPHY, ETC. NOTE | |
| Bibliography, etc | Includes bibliographical references and index. |
| 520 ## - SUMMARY, ETC. | |
| Summary, etc | Facebook (Firm). |
| 650 ## - SUBJECT ADDED ENTRY--TOPICAL TERM | |
| Topical term or geographic name as entry element | Internet industry |
| General subdivision | United States. |
| 650 ## - SUBJECT ADDED ENTRY--TOPICAL TERM | |
| Topical term or geographic name as entry element | Online social networks |
| General subdivision | History. |
| Withdrawn status | Lost status | Damaged status | Home library | Current library | Shelving location | Date acquired | Total Checkouts | Full call number | Barcode | Date last seen | Price effective from | Koha item type |
|---|---|---|---|---|---|---|---|---|---|---|---|---|
| Stonyhurst Southville International School (Batangas) | Stonyhurst Southville International School (Batangas) | High School Section | 06/10/2015 | HD9696.8 .U64F335 2010 | US-1477 | 06/10/2015 | Books |